Szczegóły MARC21

Niebo w czerni /

003 -Nazwa inst., której nr kontr. jest w polu 001 [,]
    • @
    • Nazwa instytucji, której n kontrolny jest w polu 001
    • NUKAT
005 -DATA I CZAS OSTATNIEJ MODYFIKACJI [,]
    • @
    • pole kontrolne
    • 20241231113554.0
020 -Międzynarod. znormalizowany nr książki - ISBN [ , ]
    • a
    • Numer ISBN
    • 8387933015 Find
040 -Instytucja sporządzająca opis [ , ]
    • a
    • Instytucja, która sporządziła opis (NP)
    • NUKAT
    • c
    • Instytucja, która sporządziła rekord (NP)
    • KR U/AG
    • d
    • Instytucja, która zmodyfikowała rekord (P)
    • WA U/tl
    • d
    • Instytucja, która zmodyfikowała rekord (P)
    • WA U/IJG
942 -Rodzaj dokumentu [ , ]
    • c
    • Rodzaj dokumentu
    • Książka
100 -Hasło główne - nazwa osobowa [1, ]
    • a
    • Nazwa osobowa (NP)
    • Zarębianka, Zofia
    • d
    • Daty biograficzne (NP)
    • (1958- ).
    • 9
    • KHW
    • 258309
245 -Strefa tytułu i oznaczenia odpowiedzialności [1,0]
    • a
    • Tytuł
    • Niebo w czerni / Find
    • c
    • Pozostałe elementy strefy tytułu i oznaczenia odpowiedzialności (NP)
    • Zofia Zarębianka ; [grafiki Anna Wirska-Saini].
260 -Strefa adresu wydawniczego [ , ]
    • a
    • Miejsce wydania (P)
    • Bydgoszcz :
    • b
    • Nazwa wydawcy (P)
    • Wydaw. Homini,
    • c
    • Data wydania (P)
    • 2000.
300 -Strefa opisu fizycznego [ , ]
    • a
    • Określenie formy książki i/lub objętość (NP)
    • 75 s. :
    • b
    • Oznaczenie ilustracji (NP)
    • il., err. ;
    • c
    • Format (NP)
    • 17 cm.
336 -Typ zawartości [ , ]
    • a
    • Termin opisujący typ zawartości
    • Tekst
    • b
    • Kod określający zawartość
    • txt
    • 2
    • Źródło (terminu i kodu)
    • rdacontent
337 -Typ mediów [ , ]
    • a
    • Tryb odtwarzania
    • Bez urządzenia pośredniczącego
    • b
    • Kod typu mediów
    • n
    • 2
    • Źródło (terminu i kodu)
    • rdamedia
338 -Typ/rodzaj nośnika [ , ]
    • a
    • Hasło opisujące typ nośnika
    • Wolumin
    • b
    • Kod typu nośnika
    • nc
    • 2
    • Źródło (terminu i kodu)
    • rdacarrier
380 -Deskryptor - Forma dzieła (P) [ , ]
    • a
    • forma dzieła (NP)
    • Książki
380 -Deskryptor - Forma dzieła (P) [ , ]
    • a
    • forma dzieła (NP)
    • Poezja
386 -Deskryptor - przynależność kulturowa (P) [ , ]
    • m
    • Wyrażenie wprowadzające (NP)
    • Przynależność kulturowa
    • a
    • Przynależność kulturowa (NP)
    • Literatura polska
388 -Deskryptor - czas powstania dzieła (P) [1, ]
    • a
    • Czas powstania dzieła (NP)
    • 1901-2000
080 -Uniwersalna Klasyfikacja Dziesiętna [ , ]
    • a
    • Symbol klasyfikacji
    • 884-1
648 -Hasło przedmiotowe - chronologia [ ,7]
    • a
    • Deskryptor chronologiczny
    • 1901-2000
    • 2
    • Źródło terminu
    • DBN
    • 9
    • KHW
    • 721448
655 -Hasło w funkcji tematu formalnego [ ,7]
    • a
    • Hasło
    • Wiersze
    • 2
    • Źródło terminu
    • DBN
    • 9
    • KHW
    • 721208
655 -Hasło w funkcji tematu formalnego [ ,7]
    • a
    • Hasło
    • Poezja polska
    • y
    • Określnik chronologiczny
    • 1970-.
    • 2
    • Źródło terminu
    • kaba
    • 9
    • KHW
    • 351027
980 -Symbol UKD [ , ]
    • a
    • UKD
    • 884-1
700 -Hasło dodatkowe - nazwa osobowa [1, ]
    • a
    • Nazwa osobowa (NP)
    • Wirska-Saini, Anna Find
    • d
    • Daty biograficzne (NP)
    • (1953?- ).
    • e
    • Określenie rodzaju współpracy
    • Il.
    • 9
    • KHW
    • 736259
920 -ISBN [ , ]
    • a
    • ISBN
    • 83-87933-01-5 Find
Data inwentaryzacji Lokalizacja Status udost. Numer inwentarzowy
2002-11-22BG1JK.237